banner-ar

الاجهاد : اسبابة وعلاجة / (Record no. 48288)

MARC details
000 -الفاتح
حقل البيانات ثابتة الطول 00430nam a2200145Ia 4500
008 - عناصر البيانات ثابتة الطول - معلومات عامة
حقل البيانات ثابتة الطول 140319s9999 xx 000 0 ara d
040 ## - مصدر الفهرسة
وكالة الفهرسة الأصلية GCL /
وكالة النسخ GCL
082 04 - رقم تصنيف ديوى العشرى
رقم التصنيف 152.45
رقم المادة س ا
100 1# - المدخل الرئيسى - إسم شخصى
الإسم الشخصى انطوان ا الهاشم
245 10 - بيان العنوان
العنوان الاجهاد : اسبابة وعلاجة /
بيان المسئوليه,etc انطوان ا الهاشم
700 1# - المدخل الاضافى - اسم شخصى
الإسم الشخصى ستورا، جان بنجامان
300 ## - الوصف المادى
التعداد 119 ص
490 ## - بيان السلسلة
عنوان السلسلة زدنى علما
رقم المجلد/ التعيين التسلسلي 0
Holdings
حالة التراجع حالة الفقد حالة تلف ليس للاعارة المكان المؤقت الموقع الحالى تاريخ الاكتساب اجمالي اﻻعارات رقم الطلب الباركود تاريخ اخر مشاهدة تاريخ تفعيل السعر نوع وعاء كوها
        مكتبة القاهرة الكبرى مكتبة القاهرة الكبرى 03/26/2014   152.45\س ا 116580 03/26/2014 03/26/2014 كتاب
        مكتبة القاهرة الكبرى مكتبة القاهرة الكبرى 03/26/2014   152.45\س ا 116581 03/26/2014 03/26/2014 كتاب
        مكتبة القاهرة الكبرى مكتبة القاهرة الكبرى 03/26/2014   152.45\س ا 116582 03/26/2014 03/26/2014 كتاب

Powered By

EGPV